| 000 | 01757cam a22004814 4500 | ||
|---|---|---|---|
| 003 | PE-LiUPU | ||
| 005 | 20250731173107.0 | ||
| 008 | 1988 mau b eng | ||
| 020 | _a0913573728 | ||
| 035 | _a(Sirsi) i9780913573723 | ||
| 035 | _a(Sirsi) 25933 | ||
| 035 | _a(Sirsi) 25933 | ||
| 040 |
_aPE-LiUPU _bspa _cPE-LiUPU _erda |
||
| 049 | _aPRUA | ||
| 082 | 0 | 4 |
_a262.0017 _bR66 |
| 100 | 1 |
_aRiss, Richard M., _eautor. |
|
| 245 | 1 | 2 |
_aA survey of 20th-century revival movements in North America / _cRichard M. Riss. |
| 264 | 1 |
_aPeabody, Massachusetts : _bHendrickson Publishers, _c1988 |
|
| 300 |
_a202 páginas ; _c22 centímetros |
||
| 336 |
_atext _2rdacontent |
||
| 337 |
_aunmediated _2rdamedia |
||
| 338 |
_avolume _2rdacarrier |
||
| 504 | _aIncluye bibliografía | ||
| 505 | 0 | _aThe background of twentieth/century revivals -- The worldwide awakening of 1904-1906 -- The early pentecostal revival -- The aftermath-early pentecostalism -- The healing and latter rain movements -- The mid-twentieth-century evangelical awakening -- The revival of the 1960s and 1970s. | |
| 526 | _aSEG42 | ||
| 526 | _aSEG41 | ||
| 526 | _aSEG40 | ||
| 526 | _aSEG39 | ||
| 526 | _aP94 | ||
| 526 | _aP87 | ||
| 526 | _aP86 | ||
| 526 | _aP85 | ||
| 526 | _aP77 | ||
| 526 | _aP76 | ||
| 526 | _aP35 | ||
| 650 | 1 | 4 |
_aReavivamiento _zEstados Unidos _xHistoria _ySiglo XX. |
| 942 |
_2ddc _cBOOK |
||
| 949 |
_a262.0017 R66 _i49508 _lPOSTGRADO _mBUL _tLIBRO _o.STAFF. Posgrado |
||
| 994 |
_aC0 _bPEPRU |
||
| 910 | _ahf-aj | ||
| 596 | _a1 | ||
| 999 |
_a262.0017 R66 _wDEWEY _c30397 _i49508 _f2021-11-10 _g5 _lCCODEBUL1 _mBUL _p20.00 _r0 _sY _tBOOK _u2015-6-24 _xTEOLOGIA _PP35 _0COMPRA _o.STAFF. Colección Teología _d30397 |
||
| 980 |
_81 _gALBERTO SANCHEZ Responsable de Automatización |
||